Sean Reece Quiz - Statistics

General Stats
  • This quiz has been taken 8 times
  • The average score is 27 of 34
Answer Stats
Hint Answer % Correct
How many cyo rings does reece have 1
100%
Kopp gave him what number has a special sunburn tattoothis summer 7
100%
Reeces college Cortland
100%
Took Reece for 20 bucks by using his signature catchphrase"Im always odd" Gus
100%
Best part of reeces house Pantry
100%
The chant Reece recieved in Middle school volleyball(2 words) Reeces Puffs
100%
Reeces "Sweetheart" Stevie
100%
Reece wants to be a Teacher
100%
Reeces main sport in HS Volleyball
100%
Mrs Reece Favorite person ever Zeni
100%
Reece Jv Basketball number 13
83%
Reece Cyclones Number 17
83%
What year was Reece cyo first team 2023
83%
Reece is banned from But still goes Coindre
83%
Reeces first kiss Colleen
83%
What did Reece do during situps at Berner tryouts Fart
83%
Reeces Favorite Bar Lilys
83%
Reeces Birthday March 24th
83%
Reeces favorite friend group SOS
83%
Reeces favorite thing about an MMA fighter Switch stances
83%
Reece owns a JV national record against Syo
83%
Reeces favorite college UNC
83%
Reeces favorite sport Wiggle
83%
Reeces best memory Wiggle
83%
Reeces favorite thing to do in the summer Wiggle
83%
Most iconic Jersey owned by Reece Bobby Bouchet
67%
Reeces Basketball catch phrase Bon Voyage
67%
What type of shoe was Reece wearing at his first boxing match Slides
67%
Who ran with Reece after Jps joke at Volleyball Jp and Jarski
50%
Reece fought at Lilys and Lost Mirror
50%
Reece inspired Pequa to win a crucial game with his pregamespeech against Uniondale
50%
Reeces first two man partner Fazio
33%
Reeces favorite town on Long Island Plainedge
33%
Reece bat flipped against what team on a flyout Hicksville
17%
No matching quizzes found
Score Distribution
Percent of People with Each Score
Percentile by Number Answered
Your Score History
You have not taken this quiz